| 000 | 00000nam##2200000za#4500 |
| 001 | 9.572128 |
| 003 | CaOODSP |
| 005 | 20220111083045 |
| 007 | cr ||||||||||| |
| 008 | 150406|1990||||xxc|||||o f|0| 0 eng|d |
| 022 | |a1928-6414 |
| 040 | |aCaOODSP|beng |
| 043 | |an-cn--- |
| 086 | 1 |aNE22-1/1990-3E-PDF |
| 110 | 1 |aCanada. |bNational Energy Board. |
| 245 | 10|aReasons for decision in the matter of review of certain aspects of the market-based procedure |h[electronic resource] |
| 246 | 1 |iVariant title : |aReview of Certain Aspects of the Market-Based Procedure |
| 260 | |aOttawa - Ontario : |bNational Energy Board |cMarch 1990. |
| 300 | |a61p. |
| 490 | 1 |aReasons for decision |x1928-6414|vGHW-4-89 |
| 500 | |aIncorrect catalogue number (NE22-1/1990-2E) and ISBN (0-662-17059-8) copied in this electronic publication. |
| 590 | |a12-04-Supp|b2012-02-20 |
| 775 | 08|tMotifs de décision relativement à examen de certains aspects de la méthode de calcul axée sur les conditins [sic] du marché |w(CaOODSP)9.602539 |
| 830 | #0|aReasons for decision (Canada. National Energy Board)|x1928-6414|vGHW-4-89|w(CaOODSP)9.504480 |
| 856 | 40|ahttp://publications.gc.ca|qPDF|s156 KB|uhttps://publications.gc.ca/collections/Collection/NE22-1-1990-3E.pdf|yGHW-4-89 |